「短縮鉄道の夜」風クイズ #2 - Statistics

General Stats
  • This quiz has been taken 73 times
  • The average score is 13 of 20
Answer Stats
Hint Answer % Correct
ダチ 友達
98%
アメフト アメリカンフットボール
98%
エゴサ エゴサーチ
98%
ユニバ ユニバーサルスタジオジャパン
97%
アキバ 秋葉原
97%
着メロ 着信メロディ
93%
コミュ コミュニケーション
93%
メタボ メタボリック
92%
関空 関西国際空港
92%
総理 内閣総理大臣
83%
漢ド 漢字ドリル
75%
ガチ ガチンコ
63%
カラオケ 空オーケストラ
62%
キョド 挙動不審
53%
リトグリ Little Glee Monster
53%
コスメ コスメティックス
28%
グルコス グルーヴコースター
17%
スペ スペランカー
13%
DVD Digital Versatile Disc
13%
ラーサー ラーメンサークル
5%
No matching quizzes found
Score Distribution
Percent of People with Each Score
Percentile by Number Answered
Your Score History
You have not taken this quiz